01273nac a22002891u 4500010001300000020001500013082001800028090001500046100003400061245021200095250001200307260006400319300003500383500001400418500003400432504005300466650003200519650002700551650004000578700002400618700002100642856008900663856009000752942002000842999001500862952010600877 a95045237 a008042140700a621.815bE372 c1756d1756 a20080729 10aCurrent advances in mechanical design and production VI :bproceedings of the Sixth Cairo University International MDP Conference, Cairo, 2-4 January 1996 /cedited by Mohamed E. Elarabi and Abdalla S. Wifi. a1st ed. aOxford, U.K. ;aTarrytown, N.Y., U.S.A. :bPergamon,c1996. axiii, 544 p. :bill. ;c24 cm. aDonations aDonations - Dr. Mostafa Gouda aIncludes bibliographical references and indexes. 0aMachine designxCongresses. 0aMaterialsxCongresses. 0aProduction engineeringxCongresses.1 aElarabi, Mohamed E.1 aWifi, Abdalla S.423Publisher descriptionuhttp://www.loc.gov/catdir/enhancements/fy0601/95045237-d.html423Table of contents onlyuhttp://www.loc.gov/catdir/enhancements/fy0601/95045237-t.html cBBk621.815E372 c1756d1756 00104070aMAINbMAINc1STd2013-12-06ePurchasel1o621.815 CURp000002561r2025-07-15 00:00:00yBB